| 000 | 00602nam a2200229 i 4500 | ||
|---|---|---|---|
| 001 | 82089 | ||
| 003 | ES-MaACL | ||
| 005 | 20231218150601.0 | ||
| 007 | t| | ||
| 008 | 041122s2002 sp ||||1| spa d | ||
| 020 | _a84-95881-10-1 | ||
| 080 | _a821.134.2-31"19" | ||
| 100 | 1 |
_aAltamira, Pilar, _d1939- _920514 |
|
| 245 | 1 | 0 |
_aBola de plata / _cPilar Altamira. |
| 250 | _a1ª ed. | ||
| 260 |
_aCastellón : _bEllago, _c2002. |
||
| 300 |
_a181 p. ; _c20 cm. |
||
| 490 | 1 | _aNarrativa | |
| 830 | 0 |
_aNarrativa _9177839 |
|
| 852 |
_aES-MaACL _jL-28515 _bR.134598 |
||
| 999 |
_c82089 _d82089 |
||